LEADER 01217nam a2200277 u 4500 001 000000115911 003 CaOOAMICUS 005 20090528154319.0 008 090528s2007 it u000 u ita r 020 $a88-7431-343-8 040 $aPUL$bita$dLDB 100 1 $aDel Giudice, Armando,$d1977-$0(OLS)http://pul/name/71940 245 10$aHans Jonas: la bioetica come problema di storia della filosofia /$cArmando Del Giudice. 260 $aNapoli :$bGiannini,$cc2007. 300 $a261 p. ;$c23 cm 490 1 $aCultura Filosofica e Scienze Umane ;$v08 504 $aInclude bibliografia. 600 14$aJonas, Hans,$d1903-1993.$0(OLS)http://pul/subject/33469 650 4$aBioetica.$0(OLS)http://pul/subject/2868 830 0$aCultura Filosofica e Scienze Umane ;$v08.$0(OLS)http://pul/title/119029 850 $aPUL 852 $aPUL$W1$xSL Filosofia 3$y81$m174. 9 DELAR 1$j132801$qDDC 21$B131798$CPULBib$Z2$F131798 $H110271 $82 941 1 $a9 996 $6020$a88-7431-343-8$9(OLS)http://pul/number/140908 996 $6245$aHans Jonas: la bioetica come problema di storia della filosofia$9(OLS)http://pul/title/145651 996 $6260$aNapoli :$bGiannini$9(OLS)http://pul/publisher/48533 LEADER 01610nam a2200349 u 4500 001 000000111578 003 CaOOAMICUS 005 20080509134522.0 008 080509s2007 it u000 u ita u 020 $z978-88-13-27920-2* 040 $aPUL$bita$dBc 100 1 $aGherro, Sandro.$0(OLS)http://pul/name/23741 245 10$aDiritto canonico :$b(nozioni e riflessioni).$n3,$pSul processo matrimoniale /$cSandro Gherro. 246 30$aSul processo matrimoniale 250 $a2. ed. 260 $aPadova :$bCEDAM,$c2007. 300 $axiii, 276 p. ;$c24 cm. 490 1 $aDiritto canonico-Diritto ecclesiastico ;$v11. 504 $aInclude indicazioni bibliografiche in nota. 650 4$aDiritto processuale canonico.$0(OLS)http://pul/subject/29586 650 4$aDiritto canonico.$0(OLS)http://pul/subject/1294 650 4$aMatrimonio (diritto canonico).$0(OLS)http://pul/subject/475 830 0$aDiritto canonico-Diritto ecclesiastico ;$v11.$0(OLS)http://pul/title/100899 850 $aPUL 852 $aPUL$W1$xSL Diritto Canonico 3$y77$m262. 9 COLL 4.11$j127912$av.3$qDDC 21$B126616$CPULBib$Z2$F126616 $H107021 $82 941 1 $a9 960 $aDiritto matrimoniale canonico$9475 960 $aDiritto canonico processuale$929586 996 $6020$z978-88-13-27920-2*$9(OLS)http://pul/number/138040 996 $6245$aDiritto canonico :$b(nozioni e riflessioni).$n3,$pSul processo matrimoniale$9(OLS)http://pul/title/140350 996 $6246$aSul processo matrimoniale$9(OLS)http://pul/title/140351 996 $6260$aPadova :$bCEDAM$9(OLS)http://pul/publisher/48126